<?xml version="1.0" encoding="UTF-8"?><?xml-stylesheet type="text/xsl" href="static/style.xsl"?><OAI-PMH xmlns="http://www.openarchives.org/OAI/2.0/" xmlns:xsi="http://www.w3.org/2001/XMLSchema-instance" xsi:schemaLocation="http://www.openarchives.org/OAI/2.0/ http://www.openarchives.org/OAI/2.0/OAI-PMH.xsd"><responseDate>2026-06-06T02:46:30Z</responseDate><request verb="GetRecord" identifier="oai:riuma.uma.es:10630/14939" metadataPrefix="marc">https://riuma.uma.es/rest/oai/request</request><GetRecord><record><header><identifier>oai:riuma.uma.es:10630/14939</identifier><datestamp>2026-02-03T12:08:03Z</datestamp><setSpec>com_10630_2254</setSpec><setSpec>col_10630_37959</setSpec></header><metadata><record xmlns="http://www.loc.gov/MARC21/slim" xmlns:dcterms="http://purl.org/dc/terms/" xmlns:doc="http://www.lyncode.com/xoai" xmlns:xsi="http://www.w3.org/2001/XMLSchema-instance" xsi:schemaLocation="http://www.loc.gov/MARC21/slim http://www.loc.gov/standards/marcxml/schema/MARC21slim.xsd">
   <leader>00925njm 22002777a 4500</leader>
   <datafield ind2=" " ind1=" " tag="042">
      <subfield code="a">dc</subfield>
   </datafield>
   <datafield ind2=" " ind1=" " tag="720">
      <subfield code="a">Ferreiro Aparicio, Jesús</subfield>
      <subfield code="e">author</subfield>
   </datafield>
   <datafield ind2=" " ind1=" " tag="260">
      <subfield code="c">2017-12-19</subfield>
   </datafield>
   <datafield ind2=" " ind1=" " tag="520">
      <subfield code="a">La conferencia impartida por el Profesor Ferreiro giró en torno al papel que han desempeñado las instituciones laborales durante el periodo de la Gran Recesión en los países europeos en términos de empleo y desempleo. Inicialmente realizó una síntesis sobre los determinantes de los resultados del mercado de trabajo combinando análisis teóricos con datos empíricos y centrando su atención en la importancia del marco institucional. Posteriormente, presentó los resultados de un estudio propio en el que se analiza como el nivel y la variación absoluta en los índices de protección al empleo influye en el empleo y desempleo. En concreto, se pone de manifiesto que flexibilizar el despido (individual) de los trabajadores permanentes y flexibilizar el uso de trabajadores temporales afecta de forma negativa al empleo y la tasa de paro.</subfield>
   </datafield>
   <datafield ind1="8" ind2=" " tag="024">
      <subfield code="a">https://hdl.handle.net/10630/14939</subfield>
   </datafield>
   <datafield tag="653" ind2=" " ind1=" ">
      <subfield code="a">Política laboral</subfield>
   </datafield>
   <datafield ind2="0" ind1="0" tag="245">
      <subfield code="a">Instituciones Laborales, Crisis Económica y Empleo en Europa</subfield>
   </datafield>
</record>
</metadata></record></GetRecord></OAI-PMH>